Groundwater hydrology
Αποθηκεύτηκε σε:
| Κύριος συγγραφέας: | |
|---|---|
| Μορφή: | Βιβλίο |
| Γλώσσα: | English |
| Δημοσίευση: |
New York :
McGraw-Hill,
1978
|
| Σειρά: | McGraw-Hill series in water resources and environmental engineering
|
| Θέματα: | |
| Ετικέτες: |
Προσθήκη ετικέτας
Δεν υπάρχουν, Καταχωρήστε ετικέτα πρώτοι!
|
MARC
| LEADER | 00000nam a2200000 i 4500 | ||
|---|---|---|---|
| 001 | 1/75222 | ||
| 008 | 970116s1978 eng d | ||
| 020 | |a 0-07-006715-5 | ||
| 035 | |l 10003708 | ||
| 040 | |a GR-MY-UA |b gre |e aacr | ||
| 041 | 0 | |a eng | |
| 082 | 0 | |a 551.49 | |
| 100 | 1 | |a Bouwer, Herman. | |
| 245 | 1 | 0 | |a Groundwater hydrology / |c Herman Bouwer |
| 260 | |a New York : |b McGraw-Hill, |c 1978 | ||
| 300 | |a 480 p. | ||
| 490 | 1 | |a McGraw-Hill series in water resources and environmental engineering | |
| 504 | |a Includes index | ||
| 650 | 0 | 0 | |a Groundwater. |
| 830 | 0 | |a McGraw-Hill series in water resources and environmental engineering | |
| 852 | |a INST |b LESVOS |e 19970116 |h 551.49 BOU |p 005100012278 |q 005100012278 |t BK |y 0 | ||
| 852 | |a INST |b LESVOS |e 19970116 |h 551.49 BOU |p 005100012279 |q 005100012279 |t BK |y 0 | ||
| 909 | |a Λ |b 012008 | ||